00816nam a22002537a 45000010005000000030006000050050017000110080041000280200018000690400029000870500016001160820011001321000033001432450065001762600044002413000048002854900029003335050007003625200097003695210027004665210018004936500029005116500022005409378FISKH20251216134135.0251216b cb ||||| |||| 00| 0 eng d a9781592497478 aFISKHbengcFISKHdFISKH aPZ10.G153 B a813.54 aGalvin, Laura Gates eAuthor aBaby duck gets lost :bBaby animals /cby Laura Gates Galvin aWashington :bTrudy Corporation ,c2007 a14 unnumbered pages :bphotographs ;c19 cm aSmithsonian baby animals aE  aA mother duck and her ducklings go for a walk, but one of the babies is too slow to keep up.8 a200 bLexile estimate 8 aE bRaz-Plus  aBoard bookvBaby animals aNon-fictionvDuck